Normal view
MARC view
Entry Personal Name
001 - CONTROL NUMBER
- control field: 26017
003 - CONTROL NUMBER IDENTIFIER
- control field: OSt
005 - DATE AND TIME OF LATEST TRANSACTION
- control field: 20210728170343.0
008 - FIXED-LENGTH DATA ELEMENTS
- fixed length control field: 210728|| aca||aabn | a|a d
040 ## - CATALOGING SOURCE
- Original cataloging agency: OSt
- Transcribing agency: OSt
100 ## - HEADING--PERSONAL NAME
- Personal name: Nina, M. et al
670 ## - SOURCE DATA FOUND
- Source citation: Work cat.: (OSt)517070: Nina, M. et al, Stability not change: Improving frontline employee motivation through organizational reform is harder than it looks
